书目信息 |
| 题名: |
室内装饰工程概预算与招投标报价
|
|
| 作者: | 陈祖建 , 李光耀 , 陈月琴 编著 | |
| 分册: | ||
| 出版信息: | 北京 电子工业出版社 2020.12 |
|
| 页数: | 364页 | |
| 开本: | 26cm | |
| 丛书名: | ||
| 单 册: | ||
| 中图分类: | TU723.34 , TU723.2 | |
| 科图分类: | ||
| 主题词: | 室内装饰--建筑概算定额 , 建筑装饰--建筑预算定额 , 室内装饰--招标 , 室内装饰--投标 | |
| 电子资源: | ||
| ISBN: | 978-7-121-27518-0 | |
| 000 | 01151nam0 2200301 45 | |
| 001 | 012001000429 | |
| 005 | 20130911142158.0 | |
| 010 | @a978-7-121-27518-0@dCNY59.80 | |
| 100 | @a20160223d2016 em y0chiy50 ea | |
| 101 | 0 | @achi |
| 102 | @aCN@b110000 | |
| 105 | @ay z 000yy | |
| 106 | @ar | |
| 200 | 1 | @a室内装饰工程概预算与招投标报价@Ashi nei zhuang shi gong cheng gai yu suan yu zhao tou biao bao jia@f陈祖建,李光耀,陈月琴编著 |
| 210 | @a北京@c电子工业出版社@d2020.12 | |
| 215 | @a364页@d26cm | |
| 330 | @a本书分为9章,主要由三部分组成:第一部分介绍了室内装饰工程项目管理和造价管理的内容;第二部分介绍了室内装饰工程预算与定额的概念、预算费用组成等内容;第三部分主要通过具体的案例进行分析并简单介绍利用计算机编制预算的内容。 | |
| 606 | 0 | @a室内装饰@x建筑概算定额 |
| 606 | 0 | @a建筑装饰@x建筑预算定额 |
| 606 | 0 | @a室内装饰@x招标 |
| 606 | 0 | @a室内装饰@x投标 |
| 690 | @aTU723.34@v5 | |
| 690 | @aTU723.2@v5 | |
| 701 | 0 | @a陈祖建@Achen zu jian@4编著 |
| 701 | 0 | @a李光耀@Ali guang yao@f(1974~)@4编著 |
| 701 | 0 | @a陈月琴@Achen yue qin@c(建筑装饰)@4编著 |
| 801 | 0 | @aCN@bBJSDL@c20211011 |
| 905 | @b1335197-200@dTU723.34@e1924@f4 | |
| 室内装饰工程概预算与招投标报价/陈祖建,李光耀,陈月琴编著.-北京:电子工业出版社,2020.12 |
| 364页;26cm |
| ISBN 978-7-121-27518-0:CNY59.80 |
| 本书分为9章,主要由三部分组成:第一部分介绍了室内装饰工程项目管理和造价管理的内容;第二部分介绍了室内装饰工程预算与定额的概念、预算费用组成等内容;第三部分主要通过具体的案例进行分析并简单介绍利用计算机编制预算的内容。 |
| ● |
| 相关链接 |
|
|
|
|
正题名:室内装饰工程概预算与招投标报价
索取号:TU723.34/1924
 
预约/预借
| 序号 | 登录号 | 条形码 | 馆藏地/架位号 | 状态 | 备注 |
| 1 | 1335197 | 213351978 | 第二样本阅览室/ [索取号:TU723.34/1924] | 在馆 | |
| 2 | 1335198 | 213351987 | 第三借阅区/ [索取号:TU723.34/1924] | 在馆 | |
| 3 | 1335199 | 213351996 | 第三借阅区/ [索取号:TU723.34/1924] | 在馆 | |
| 4 | 1335200 | 213352003 | 第三借阅区/ [索取号:TU723.34/1924] | 在馆 |